01482nam a22002777a 4500999001700000003000900017008004100026020002000067040007100087082003100158110002500189245002900214260003200243300004300275505035700318650002500675650002500700650001900725650002600744942001600770945000800786952010200794952010200896952010300998952010301101 c21063d21063AR-CdUCM190726b ||||| |||| 00| 0 spa d a1501132000-1307 aMUNICIPALIDAD PROVINCIAL DEL CUSCOcBIBLIOTECA MUNICIPAL DEL CUSCO 22 ed.aES / 574.522 /bN89 aCOSUDE-CAPLAB943858 aNuestro medio ambiente / aLimabCOSUDE-CAPLAB,c2000. a3 módulos ;bilustraciones ;c30 cm. aContenido : m.1: ¿Cómo conocer nuestro Medio Ambiente? -- ¿Por qué vivir y trabajar en un Medio Ambiente más saludable? -- ¿Cómo combatir la contaminación y el deterioro del Medio Ambiente? -- m.2: Trabajando por un ambiente limpio -- Limpiando nuestro ambiente de trabajo -- m.3: El programa estrategico de seguridad e higiene laboral ... aMedio ambiente97215 aConservación96143 aHigiene925829 aContaminación98804 2ddccLIBROS azta 002ddc4070aSIbSIcCHILDd2019-07-26oES / 574.522 / N89 / m.1pSI00002115r2019-07-26yLIBROS 002ddc4070aSIbSIcCHILDd2019-07-26oES / 574.522 / N89 / m.2pSI00002116r2019-07-26yLIBROS 002ddc4070aSIbSIcCHILDd2019-07-26oES / 574.522 / N89 / m.3apSI00003560r2019-07-26yLIBROS 002ddc4070aSIbSIcCHILDd2019-07-26oES / 574.522 / N89 / m.3bpSI00003825r2019-07-26yLIBROS